Accidental deaths and suicides in India 1984-88 (Record no. 507217)

000 -LEADER
fixed length control field 00300nam a2200109 4500
082 ## - DEWEY DECIMAL CLASSIFICATION NUMBER
Classification number Q813x54 1984-88
100 ## - MAIN ENTRY--PERSONAL NAME
Personal name India. National Crime Records Bureau
9 (RLIN) 1127
245 ## - TITLE STATEMENT
Title Accidental deaths and suicides in India 1984-88
260 ## - PUBLICATION, DISTRIBUTION, ETC. (IMPRINT)
Place of publication, distribution, etc New Delhi
Name of publisher, distributor, etc Government of India
300 ## - PHYSICAL DESCRIPTION
Extent v.p.
942 ## - ADDED ENTRY ELEMENTS (KOHA)
Source of classification or shelving scheme
Holdings
Withdrawn status Lost status Source of classification or shelving scheme Damaged status Koha normalized classification for sorting Not for loan Permanent location Current location Date acquired Full call number Barcode Date last seen Price effective from Koha item type
        Q_813X54_198488   Indian Institute of Public Administration Indian Institute of Public Administration 2019-02-06 Q813x54 1984-88 GG34136 2019-02-06 2019-02-06 GG

Powered by Koha